International Management: Culture, Strategy, and Behavior (Record no. 5891)

MARC details
005 - DATE AND TIME OF LATEST TRANSACTION
control field 20250628082754.0
020 ## - INTERNATIONAL STANDARD BOOK NUMBER
International Standard Book Number 0-07-296108-2
082 ## - DEWEY DECIMAL CLASSIFICATION NUMBER
Classification number 658.84 HOD
100 ## - MAIN ENTRY--PERSONAL NAME
Author name HODGETTS, R . M .
245 ## - TITLE STATEMENT
Title International Management: Culture, Strategy, and Behavior
250 ## - EDITION STATEMENT
Edition statement 6th Ed.
260 ## - PUBLICATION, DISTRIBUTION, ETC.
Place of publication, distribution, etc. Boston,
Name of publisher, distributor, etc. McGraw Hill,
Date of publication, distribution, etc. 2006.
300 ## - PHYSICAL DESCRIPTION
Extent xxviii, 609p.: ill.; figure, table,
Other physical details glossary, index & references,
Dimensions 28cm.
700 ## - ADDED ENTRY--PERSONAL NAME
Other authors/Editors LUTHENS, F . & DOH, J . P .
942 ## - ADDED ENTRY ELEMENTS (KOHA)
Source of classification or shelving scheme Dewey Decimal Classification
Koha item type Books

No items available.